000 00916nam a2200253Ia 4500
003 OSt
005 20220923211103.0
006 a|||||r|||| 00| 0
007 ta
008 220922b |||||||| |||| 00| 0 hin d
020 _a8179170187 (hbk)
_c125
024 _a245,197
037 _b367, 11/02/2011, Swaraj Prakashan
_cTextual
040 _aARTS
_cARTS
_bhin
041 _2hin
_ahin
082 _aX:3M24xM18, 152P4
100 _aप्लेखानोव, जी. वी.
_9158042
245 0 _aमाकर््सवाद की मूल समस्याएं
246 _aMākarsavād kī mūl samasyāean
260 _aनई दिल्ली
_b ग्रंथ शिल्पी
_c2004
300 _a101पृ.
_ccm.
942 _hX:3M24xM18, 152P4
_cTEXL
_2CC
999 _c295045
_d295045